| 000 | 00489cam a2200205ua 4500 | ||
|---|---|---|---|
| 001 | 8061 | ||
| 005 | 20260515114305.0 | ||
| 008 | 150113n ii |||gr||||Z||||||hin | ||
| 040 | _cMAIN | ||
| 041 | _ahin | ||
| 082 | _a891.435 | ||
| 100 |
_aSingh, V., _eAuthor. |
||
| 245 |
_aSamanya hindi _cBy Vijaypal Singh |
||
| 250 | _a1st. | ||
| 260 |
_aVaranasi: _bHindi, _c1994. |
||
| 300 | _a245p. | ||
| 653 | _aEast Indo-European & Celtic literatures | ||
| 653 | _aHindi grammar | ||
| 942 | _cBK | ||
| 999 |
_c7172 _d7172 |
||